The complete reference star schema / (Record no. 50788)

MARC details
000 -LEADER
fixed length control field 01074nam a22003137a 4500
005 - DATE AND TIME OF LATEST TRANSACTION
control field 20110228111345.0
008 - FIXED-LENGTH DATA ELEMENTS--GENERAL INFORMATION
fixed length control field 110228t xxu||||| |||| 00| 0 eng d
010 ## - LCCN (DPL NO)
LC control number ENG-102047
020 ## - INTERNATIONAL STANDARD BOOK NUMBER
International Standard Book Number 9780071070607
Terms of availability 595.00
020 ## - INTERNATIONAL STANDARD BOOK NUMBER
International Standard Book Number 0071070605
Terms of availability 595.00
035 ## - SYSTEM CONTROL NUMBER
System control number EN-85580
037 ## - SOURCE OF ACQUISITION
Source of stock number/acquisition DBAD/PUB
040 ## - CATALOGING SOURCE
Original cataloging agency dpl
Language of cataloging Eng
082 ## - DEWEY DECIMAL CLASSIFICATION NUMBER
Classification number 005.745
100 ## - MAIN ENTRY--PERSONAL NAME
9 (RLIN) 12973
Personal name Adamson, Christopher
Dates associated with a name 1967-
245 ## - TITLE STATEMENT
Title The complete reference star schema /
Statement of responsibility, etc by Christopher Adamson
246 ## - VARYING FORM OF TITLE
Title proper/short title Star schema
260 ## - PUBLICATION, DISTRIBUTION, ETC. (IMPRINT)
Place of publication, distribution, etc New Delhi
Name of publisher, distributor, etc Tata McGraw-Hill
Date of publication, distribution, etc 2010
270 ## - ADDRESS
Address 7, West Patel Nagar
City New Delhi
Postal code 110008
300 ## - PHYSICAL DESCRIPTION
Extent xxvi, 486 p. :
Dimensions 23 cm (pbk)
Other physical details ill.
500 ## - GENERAL NOTE
General note Includes bibliographical references and index.
650 ## - SUBJECT ADDED ENTRY--TOPICAL TERM
9 (RLIN) 26034
Topical term or geographic name as entry element Data warehousing.
650 ## - SUBJECT ADDED ENTRY--TOPICAL TERM
9 (RLIN) 26038
Topical term or geographic name as entry element Relational databases
650 ## - SUBJECT ADDED ENTRY--TOPICAL TERM
9 (RLIN) 26072
650 ## - SUBJECT ADDED ENTRY--TOPICAL TERM
9 (RLIN) 26073
700 ## - ADDED ENTRY--PERSONAL NAME
9 (RLIN) 26035
942 ## - ADDED ENTRY ELEMENTS (KOHA)
Source of classification or shelving scheme Dewey Decimal Classification
Item type English Books
Call number suffix ADA
Classification part 005.745
Holdings
Withdrawn status Lost status Source of classification or shelving scheme Damaged status Not for loan Collection code Home library Current library Date acquired Source of acquisition Cost, normal purchase price Total Checkouts Full call number Barcode Date last seen Copy number Cost, replacement price Koha item type
    Dewey Decimal Classification   Not For Loan Non-fiction D.B.Act.Division D.B.Act.Division 28/02/2011 DBAD/PUB 595.00   005.745 ADA EN-85580 28/02/2011 1 595.00 English Books

© Delhi Public Library
Hit Counter
free hit counter